[Event "4NCL/Div3/LIT1 vs. HACK"]
[Site "Hinckley Island ENG"]
[Date "2009.03.21"]
[Round "7.2"]
[White "Benjunes, Jonathan"]
[Black "Sugden, John N"]
[Result "0-1"]
[WhiteElo "2075"]
[BlackElo "2184"]
[PlyCount "97"]
[EventDate "2009.03.21"]
[SourceDate "2008.10.04"]

1. d4 Nf6 2. Nd2 c5 3. e3 b6 4. c4 Bb7 5. Ngf3 g6 6. d5 b5 7. b3 Bg7 8. Rb1 d6
9. e4 Nbd7 10. Qc2 O-O 11. Be2 bxc4 12. Nxc4 Nb6 13. Na5 Bc8 14. Bd2 Bd7 15.
O-O Rc8 16. Ba6 Rc7 17. Rfd1 Nxe4 18. Qxe4 Bf5 19. Qh4 Bxb1 20. Rxb1 Nxd5 21.
Ng5 Nf6 22. Nc4 d5 23. Ne3 h6 24. Nf3 Qd6 25. Bd3 e5 26. Bc2 e4 27. Ne1 Nd7 28.
Rd1 Rc6 29. f3 f5 30. Bc1 g5 31. Qh3 Bd4 32. fxe4 fxe4 33. b4 Qf4 34. g4 Qf2+
35. Kh1 Ne5 36. Bb3 c4 37. Bc2 Nf3 38. N1g2 Bxe3 39. Nxe3 d4 40. Bxe4 dxe3 41.
Bd5+ Kg7 42. Bxc6 e2 43. Rd7+ Rf7 44. Rxf7+ Kxf7 45. Qh5+ Kg7 46. Bb2+ Nd4 47.
Bxd4+ Qxd4 48. Qe8 Qd1+ 49. Kg2 0-1

[Event "4NCL/Div3/LIT1 vs. HACK"]
[Site "Hinckley Island ENG"]
[Date "2009.03.21"]
[Round "7.3"]
[White "Compton, Alistair"]
[Black "Lee, Martin"]
[Result "1/2-1/2"]
[WhiteElo "2079"]
[BlackElo "2050"]
[PlyCount "70"]
[EventDate "2009.03.21"]
[SourceDate "2008.10.04"]

1. e4 e6 2. d4 d5 3. Nc3 Bb4 4. Nge2 dxe4 5. a3 Bxc3+ 6. Nxc3 Nf6 7. Bg5 Nc6 8.
Bb5 Bd7 9. Nxe4 a6 10. Bc4 Na5 11. Bd3 h6 12. Nxf6+ gxf6 13. Bh4 Bb5 14. Bxb5+
axb5 15. Qf3 Rg8 16. Bxf6 Qd5 17. Qxd5 exd5 18. O-O Nc4 19. Rfe1+ Kd7 20. Re7+
Kd6 21. Rae1 Nxb2 22. Rxf7 Rge8 23. Be5+ Kc6 24. Rxc7+ Kb6 25. Rh7 Rxa3 26. h4
Rc8 27. Rxh6+ Ka5 28. Bd6 b4 29. Rh5 Rxc2 30. Rxd5+ Ka4 31. h5 Nd3 32. Rb1 Rac3
33. Ra1+ Ra3 34. Rb1 Rac3 35. Ra1+ Ra3 1/2-1/2

[Event "4NCL/Div3/LIT1 vs. HACK"]
[Site "Hinckley Island ENG"]
[Date "2009.03.21"]
[Round "7.4"]
[White "Hughes, Charles"]
[Black "Gibson, Christopher A"]
[Result "1-0"]
[WhiteElo "2025"]
[BlackElo "1964"]
[PlyCount "101"]
[EventDate "2009.03.21"]
[SourceDate "2008.10.04"]

1. d4 Nf6 2. Nf3 e6 3. e3 b6 4. Bd3 Bb7 5. Nbd2 d5 6. O-O Be7 7. Ne5 O-O 8. f4
c5 9. c3 Qc8 10. Rf3 Ne4 11. Rh3 g6 12. Ndf3 f5 13. Bd2 Nd7 14. Be1 Nxe5 15.
fxe5 Ba6 16. Bc2 Qc6 17. Bh4 Bxh4 18. Rxh4 Rae8 19. Qe1 Qb5 20. Rb1 Qe2 21.
Qxe2 Bxe2 22. Bxe4 fxe4 23. Ng5 Re7 24. Re1 Ba6 25. g4 Bb5 26. Rh3 Ba6 27. Rh6
Bb5 28. Kg2 cxd4 29. exd4 Rf4 30. Kg3 Rf1 31. Rxf1 Bxf1 32. h4 Bb5 33. Kf2 a5
34. Ke3 Be8 35. h5 b5 36. hxg6 Bxg6 37. a3 Re8 38. Rh2 Kg7 39. Rf2 b4 40. Rf6
bxa3 41. bxa3 Rc8 42. Nxe6+ Kh6 43. Nc5 Kg5 44. Rf4 h5 45. gxh5 Bxh5 46. Rf6
Rb8 47. Ne6+ Kg4 48. Nf4 Rb3 49. Nxd5 Rxa3 50. Kxe4 Rb3 51. Ra6 1-0

[Event "4NCL/Div3/LIT1 vs. HACK"]
[Site "Hinckley Island ENG"]
[Date "2009.03.21"]
[Round "7.5"]
[White "Ireland, David J"]
[Black "Tracey, Shaun"]
[Result "1-0"]
[WhiteElo "1997"]
[BlackElo "1740"]
[PlyCount "49"]
[EventDate "2009.03.21"]
[SourceDate "2008.10.04"]

1. e4 e6 2. c4 c5 3. g3 Nc6 4. Bg2 Be7 5. Ne2 e5 6. O-O d6 7. Nbc3 Bg4 8. h3
Bh5 9. Qa4 Qa5 10. Qxa5 Nxa5 11. d3 Nc6 12. f4 f6 13. Bf3 Bf7 14. Nd5 Bd8 15.
Nec3 Nge7 16. Nb5 O-O 17. Nxd6 Rb8 18. Bg4 Nd4 19. fxe5 fxe5 20. Nxf7 Rxf7 21.
Be3 Nec6 22. Rxf7 Kxf7 23. Rf1+ Kg8 24. Bh5 Ne6 25. Bf7+ 1-0

[Event "4NCL/Div3/LIT1 vs. HACK"]
[Site "Hinckley Island ENG"]
[Date "2009.03.21"]
[Round "7.6"]
[White "Gonzales, Maria"]
[Black "Hewitt, Sean D"]
[Result "0-1"]
[WhiteElo "1500"]
[BlackElo "1995"]
[PlyCount "48"]
[EventDate "2009.03.21"]
[SourceDate "2008.10.04"]

1. e4 e5 2. Nf3 Nc6 3. d4 exd4 4. Nxd4 Nf6 5. Nc3 d6 6. Be2 Be7 7. Nf5 Bxf5 8.
exf5 Qd7 9. g4 h6 10. O-O a6 11. b3 O-O-O 12. Ba3 Nh7 13. Bf3 Ne5 14. Be2 h5
15. h3 hxg4 16. Bxg4 Nf6 17. f3 Rh4 18. Kg2 Rdh8 19. Rh1 Nfxg4 20. fxg4 Qc6+
21. Nd5 Nxg4 22. Kg3 Bf6 23. Bb2 Qc5 24. Bxf6 Qf2# 0-1

[Event "4NCL/Div3/SSC vs. CAMB2"]
[Site "Hinckley Island ENG"]
[Date "2009.03.21"]
[Round "7.1"]
[White "Salimbeni, George"]
[Black "Cooley, Oliver"]
[Result "1-0"]
[WhiteElo "2100"]
[BlackElo "2128"]
[PlyCount "73"]
[EventDate "2009.03.21"]
[SourceDate "2008.10.04"]

1. e4 d5 2. exd5 Qxd5 3. Nc3 Qa5 4. d4 Nf6 5. Nf3 Bg4 6. h3 Bh5 7. Bc4 c6 8.
Bd2 Qc7 9. Qe2 Bxf3 10. Qxf3 e6 11. O-O Bd6 12. Ne4 Nxe4 13. Qxe4 Nd7 14. Qg4
O-O-O 15. Qxg7 Bh2+ 16. Kh1 Bf4 17. Be3 Nb6 18. Bb3 Bd6 19. c4 Rhg8 20. Qxh7 c5
21. dxc5 Bxc5 22. Bxc5 Qxc5 23. Qxf7 Qg5 24. Qxe6+ Nd7 25. Qg4 Qh6 26. Qe2 Rde8
27. Qc2 Rg4 28. f4 Rg3 29. Rad1 Nc5 30. Qf5+ Kb8 31. Rde1 Ree3 32. Rxe3 Rxe3
33. Rd1 Ne4 34. Rd8+ Kc7 35. Qd7+ Kb6 36. Qb5+ Kc7 37. Rd7+ 1-0

[Event "4NCL/Div3/SSC vs. CAMB2"]
[Site "Hinckley Island ENG"]
[Date "2009.03.21"]
[Round "7.2"]
[White "Robertson, J Stuart"]
[Black "Fryer, David W"]
[Result "1-0"]
[WhiteElo "2050"]
[BlackElo "2080"]
[PlyCount "75"]
[EventDate "2009.03.21"]
[SourceDate "2008.10.04"]

1. d4 Nf6 2. c4 g6 3. Nc3 d5 4. cxd5 Nxd5 5. e4 Nxc3 6. bxc3 Bg7 7. Bc4 O-O 8.
Ne2 c5 9. O-O Nc6 10. Be3 Qa5 11. Rb1 a6 12. a4 Rd8 13. Qb3 e6 14. d5 exd5 15.
Bxd5 Rd7 16. f4 Re7 17. f5 gxf5 18. Bg5 c4 19. Qxc4 Ne5 20. Qb3 Qc5+ 21. Kh1
Rd7 22. c4 Ng4 23. Qf3 fxe4 24. Bxf7+ Kh8 25. Qxe4 Qe5 26. Ng3 Rd4 27. Qxe5
Nxe5 28. Bd5 Nxc4 29. Bxb7 Bxb7 30. Rxb7 Rd5 31. h4 h6 32. Bf6 Rg8 33. Ne4 Ne3
34. Bxg7+ Rxg7 35. Rf8+ Kh7 36. Nf6+ Kg6 37. Rxg7+ Kxg7 38. Nxd5 1-0

[Event "4NCL/Div3/SSC vs. CAMB2"]
[Site "Hinckley Island ENG"]
[Date "2009.03.21"]
[Round "7.3"]
[White "Bucher, Grant W"]
[Black "Gooding, Ian"]
[Result "1/2-1/2"]
[WhiteElo "1993"]
[BlackElo "2009"]
[PlyCount "109"]
[EventDate "2009.03.21"]
[SourceDate "2008.10.04"]

1. e4 e6 2. d4 d5 3. Nd2 Be7 4. Ngf3 Nf6 5. Bd3 c5 6. exd5 exd5 7. dxc5 O-O 8.
Nb3 a5 9. a4 Na6 10. Be3 Qc7 11. Bd4 Bg4 12. Qd2 Nd7 13. Bxa6 Rxa6 14. Bc3 Re6+
15. Kf1 Bxf3 16. gxf3 Nxc5 17. Nd4 Rg6 18. Bxa5 b6 19. Bc3 Bg5 20. Qe2 Qd7 21.
h4 Re8 22. Qb5 Qxb5+ 23. axb5 Bf6 24. h5 Rg5 25. Bd2 Rge5 26. Bf4 R5e7 27. Nf5
Rd7 28. Rg1 Bxb2 29. Nxg7 Bxg7 30. h6 f5 31. Rd1 Re6 32. hxg7 Rxg7 33. Rxg7+
Kxg7 34. Rxd5 Kf6 35. Rd6 Na4 36. Rxe6+ Kxe6 37. Be3 Ke5 38. f4+ Kd5 39. Kg2
Kc4 40. Kg3 Kxb5 41. Kh4 Kc6 42. Kg5 Kd6 43. Kxf5 Ke7 44. Kg5 Kf7 45. Kh6 Kg8
46. Bd4 b5 47. f5 b4 48. f4 Nc3 49. Bc5 Nd5 50. Kg5 Kf7 51. Kg4 Kf6 52. Bd4+
Kf7 53. Kf3 h5 54. Ke4 Nc3+ 55. Kd3 1/2-1/2

[Event "4NCL/Div3/SSC vs. CAMB2"]
[Site "Hinckley Island ENG"]
[Date "2009.03.21"]
[Round "7.4"]
[White "Campbell, Mark"]
[Black "Tucker, Andrew L"]
[Result "1-0"]
[WhiteElo "1984"]
[BlackElo "1972"]
[PlyCount "47"]
[EventDate "2009.03.21"]
[SourceDate "2008.10.04"]

1. e4 c5 2. Nf3 Nc6 3. d4 cxd4 4. Nxd4 Nf6 5. Nc3 e6 6. Ndb5 Bb4 7. a3 Bxc3+ 8.
Nxc3 d5 9. exd5 exd5 10. Bg5 O-O 11. Bxf6 Qxf6 12. Qxd5 Re8+ 13. Be2 Bg4 14. f3
Rad8 15. Qc5 Nd4 16. O-O-O b6 17. Qc4 Be6 18. Qa6 Bc8 19. Qc4 b5 20. Qc7 Rd7
21. Qc5 Qh6+ 22. Kb1 Nxe2 23. Nxe2 Rde7 24. Qxe7 1-0

[Event "4NCL/Div3/SSC vs. CAMB2"]
[Site "Hinckley Island ENG"]
[Date "2009.03.21"]
[Round "7.5"]
[White "Payne, Matthew"]
[Black "Lee, Richard"]
[Result "0-1"]
[WhiteElo "1865"]
[BlackElo "1985"]
[PlyCount "182"]
[EventDate "2009.03.21"]
[SourceDate "2008.10.04"]

1. e4 c5 2. Nf3 e6 3. c4 Nc6 4. Nc3 Nf6 5. d4 cxd4 6. Nxd4 Bb4 7. f3 Qa5 8.
Ndb5 a6 9. Nd6+ Ke7 10. Nxc8+ Raxc8 11. Bd2 Rhd8 12. a3 Bxc3 13. Bxc3 Qg5 14.
Qe2 Kf8 15. h4 Qg3+ 16. Qf2 Qxf2+ 17. Kxf2 d5 18. e5 d4 19. exf6 dxc3 20. fxg7+
Kxg7 21. bxc3 Na5 22. Rb1 Rd2+ 23. Be2 Ra2 24. Ra1 Rxa1 25. Rxa1 Nxc4 26. g3
Kf6 27. Bd3 h6 28. Ke2 Ne5 29. Rc1 Nd7 30. Rc2 Nc5 31. Kd2 Rd8 32. Ke2 Rxd3 33.
Rc1 Ke5 34. Rc2 Kd5 35. g4 f6 36. Kf2 Kc4 37. f4 Rxc3 38. Re2 Nd3+ 39. Kg1 Kd5
40. g5 fxg5 41. fxg5 hxg5 42. hxg5 Nf4 43. Rd2+ Ke5 44. Rb2 b5 45. a4 bxa4 46.
Rb6 Kf5 47. Rxa6 a3 48. Ra5+ e5 49. Kh2 Ng6 50. Kg2 Kxg5 51. Kf2 Kf4 52. Ke2 e4
53. Kd2 Rh3 54. Ra4 a2 55. Kc2 Rh2+ 56. Kb3 Kf3 57. Kc4 e3 58. Kd3 Rd2+ 59. Kc3
Kf2 60. Ra6 Nf4 61. Kb3 e2 62. Ra4 Nd3 63. Rxa2 Nc1+ 64. Kc3 Nxa2+ 65. Kxd2
e1=B+ 66. Kc2 Ke3 67. Kb3 Nb4 68. Kc4 Ke4 69. Kb5 Kd5 70. Kb6 Bf2+ 71. Kb7 Kd6
72. Ka8 Kc6 73. Kb8 Nd5 74. Ka8 Nc7+ 75. Kb8 Bg1 76. Kc8 Ba7 77. Kd8 Nd5 78.
Kc8 Ne7+ 79. Kd8 Kd6 80. Ke8 Ke6 81. Kd8 Bb6+ 82. Ke8 Bc7 83. Kf8 Nf5 84. Ke8
Ng7+ 85. Kf8 Kf6 86. Kg8 Kg6 87. Kf8 Bd6+ 88. Kg8 Ba3 89. Kh8 Nf5 90. Kg8 Nh6+
91. Kh8 Bb2# 0-1

[Event "4NCL/Div3/SSC vs. CAMB2"]
[Site "Hinckley Island ENG"]
[Date "2009.03.21"]
[Round "7.6"]
[White "Kourtseva, Julie"]
[Black "Woods, Tim"]
[Result "0-1"]
[WhiteElo "1815"]
[BlackElo "1900"]
[PlyCount "58"]
[EventDate "2009.03.21"]
[SourceDate "2008.10.04"]

1. c4 g6 2. Nc3 Bg7 3. g3 d6 4. Bg2 Nc6 5. Rb1 a5 6. a3 e5 7. b4 axb4 8. axb4
f5 9. e4 Nf6 10. Nge2 O-O 11. O-O f4 12. gxf4 exf4 13. d3 g5 14. b5 Ne5 15. Nd4
Qe8 16. Nd5 Nxd5 17. exd5 g4 18. Be4 f3 19. Kh1 Qh5 20. Rg1 Ng6 21. Bxg6 hxg6
22. Ne6 Be5 23. Rg3 Bxg3 24. fxg3 Bxe6 25. dxe6 Qe5 26. Bb2 Qxe6 27. Qd2 Qe2
28. Qxe2 fxe2 29. Kg2 Ra2 0-1

[Event "4NCL/Div3/KJCAK vs. FPONTY"]
[Site "Hinckley Island ENG"]
[Date "2009.03.21"]
[Round "7.1"]
[White "Jones, William"]
[Black "Sully, David"]
[Result "1-0"]
[WhiteElo "2030"]
[BlackElo "2135"]
[PlyCount "101"]
[EventDate "2009.03.21"]
[SourceDate "2008.10.04"]

1. e4 e6 2. d4 d5 3. Nc3 Nf6 4. e5 Nfd7 5. f4 c5 6. Nf3 a6 7. Be3 Qb6 8. Na4
Qa5+ 9. c3 cxd4 10. b4 Qc7 11. Qxd4 Nc6 12. Qd2 b5 13. Nb2 Be7 14. Bd3 f6 15.
exf6 Nxf6 16. a4 Rb8 17. axb5 axb5 18. Nd4 Nxd4 19. Bxd4 O-O 20. O-O Bd6 21.
Qe2 Bd7 22. Ra7 Rb7 23. Rxb7 Qxb7 24. g3 Ne4 25. Nd1 Nf6 26. Nf2 Bc7 27. Ng4
Bb6 28. Nxf6+ Rxf6 29. Qe3 Bxd4 30. Qxd4 Rf8 31. Ra1 Ra8 32. Ra5 Ra6 33. Kf2
Qa8 34. Rxa6 Qxa6 35. Qc5 g6 36. Qe7 Qc6 37. Qc5 Qb7 38. Qd6 Kf7 39. Ke3 Qa7+
40. Qc5 Qxc5+ 41. bxc5 Kf6 42. Kd4 h6 43. g4 g5 44. f5 Bc6 45. fxe6 Kxe6 46.
Bf5+ Kf6 47. Bc8 Ke7 48. Ke5 Kd8 49. Be6 Kc7 50. Bxd5 Bd7 51. Bf3 1-0

[Event "4NCL/Div3/KJCAK vs. FPONTY"]
[Site "Hinckley Island ENG"]
[Date "2009.03.21"]
[Round "7.2"]
[White "Adams, Mark A"]
[Black "Jones, Victor"]
[Result "0-1"]
[WhiteElo "2033"]
[BlackElo "1993"]
[PlyCount "82"]
[EventDate "2009.03.21"]
[SourceDate "2008.10.04"]

1. e4 c5 2. Nf3 d6 3. d4 cxd4 4. Nxd4 Nf6 5. Nc3 a6 6. h3 e5 7. Nde2 Be7 8. g4
h6 9. Ng3 g6 10. Bg2 Nbd7 11. Be3 b5 12. Qd2 Bf8 13. O-O Bb7 14. Rfd1 Rc8 15.
Rac1 Nb6 16. Bxb6 Qxb6 17. Nd5 Bxd5 18. exd5 Be7 19. Re1 Rc4 20. Rcd1 Kd7 21.
Nf1 h5 22. Ne3 Rd4 23. Qe2 hxg4 24. Rxd4 Qxd4 25. c3 Qf4 26. Nxg4 Nh5 27. Qe3
Qxe3 28. fxe3 f5 29. Nh2 e4 30. Nf1 Rc8 31. Rc1 Rc5 32. Rd1 Nf6 33. Kf2 Nxd5
34. Nd2 Ke6 35. Nb3 Rc8 36. Bf1 Bh4+ 37. Ke2 Ke5 38. Nd4 g5 39. Kd2 f4 40.
exf4+ gxf4 41. Bg2 Ne3 0-1

[Event "4NCL/Div3/KJCAK vs. FPONTY"]
[Site "Hinckley Island ENG"]
[Date "2009.03.21"]
[Round "7.3"]
[White "Bayliss, Lyall C P"]
[Black "Davis, Lee"]
[Result "1/2-1/2"]
[WhiteElo "1971"]
[BlackElo "1954"]
[PlyCount "60"]
[EventDate "2009.03.21"]
[SourceDate "2008.10.04"]

1. e4 d6 2. d4 Nf6 3. Nc3 g6 4. Be3 c6 5. f3 Nbd7 6. Qd2 e5 7. O-O-O b5 8. d5
b4 9. dxc6 bxc3 10. cxd7+ Bxd7 11. Qxc3 Rc8 12. Qb3 Be6 13. Qa4+ Nd7 14. Ba6
Rc7 15. Ne2 Be7 16. Nc3 O-O 17. Nd5 Bxd5 18. Rxd5 Bg5 19. Qa3 Nc5 20. Bxg5
Qxg5+ 21. Rd2 Rb8 22. Rhd1 Rb6 23. Bc4 Kg7 24. b3 Qe3 25. Kb2 Nxe4 26. Rd3 Qe2
27. fxe4 Rxc4 28. R1d2 Qxe4 29. Rxd6 Rxd6 30. Qxd6 Rd4 1/2-1/2

[Event "4NCL/Div3/KJCAK vs. FPONTY"]
[Site "Hinckley Island ENG"]
[Date "2009.03.21"]
[Round "7.4"]
[White "Robinson, David"]
[Black "Lunn, Matt"]
[Result "1/2-1/2"]
[WhiteElo "1987"]
[BlackElo "1882"]
[PlyCount "43"]
[EventDate "2009.03.21"]
[SourceDate "2008.10.04"]

1. e4 c5 2. c3 d5 3. exd5 Qxd5 4. d4 Nc6 5. Nf3 Bg4 6. Be2 cxd4 7. cxd4 e6 8.
Nc3 Qa5 9. O-O Nf6 10. h3 Bh5 11. Bf4 Be7 12. Re1 O-O 13. g4 Bg6 14. Ne5 Rfd8
15. Nxc6 bxc6 16. Bf3 Nd5 17. Bd2 Qb6 18. Nxd5 cxd5 19. Bc3 Bg5 20. Qa4 Rac8
21. Rad1 Rc4 22. Qb3 1/2-1/2

[Event "4NCL/Div3/KJCAK vs. FPONTY"]
[Site "Hinckley Island ENG"]
[Date "2009.03.21"]
[Round "7.5"]
[White "Gahir, Jasdeep"]
[Black "Perrett, David"]
[Result "0-1"]
[WhiteElo "1872"]
[BlackElo "1960"]
[PlyCount "32"]
[EventDate "2009.03.21"]
[SourceDate "2008.10.04"]

1. e4 Nf6 2. Nc3 d5 3. exd5 Nxd5 4. Nxd5 Qxd5 5. d4 Nc6 6. Nf3 Bg4 7. Be2 O-O-O
8. Be3 e5 9. Nxe5 Bxe2 10. Qxe2 Nxe5 11. dxe5 Qxg2 12. Rf1 Qe4 13. Qb5 a6 14.
Qb3 Bb4+ 15. c3 Bc5 16. Qxf7 Bxe3 0-1

[Event "4NCL/Div3/KJCAK vs. FPONTY"]
[Site "Hinckley Island ENG"]
[Date "2009.03.21"]
[Round "7.6"]
[White "Gilbert, Colin"]
[Black "Maguire, Robert"]
[Result "0-1"]
[WhiteElo "1893"]
[BlackElo "1702"]
[PlyCount "114"]
[EventDate "2009.03.21"]
[SourceDate "2008.10.04"]

1. d4 Nf6 2. c4 g6 3. Nc3 Bg7 4. Nf3 O-O 5. h3 d6 6. e4 e5 7. Bg5 h6 8. Be3 Nh5
9. Qd2 Nf4 10. g3 exd4 11. Nxd4 Bxd4 12. Bxd4 Ne6 13. Be3 Ng5 14. O-O-O Nc6 15.
f4 Nh7 16. g4 f5 17. gxf5 gxf5 18. Qd5+ Kh8 19. e5 dxe5 20. Qxd8 Rxd8 21. Rxd8+
Nxd8 22. fxe5 Ng5 23. Be2 Nde6 24. h4 Nf7 25. Rg1 f4 26. Bf2 Nxe5 27. Nd5 Bd7
28. Ne7 f3 29. Bf1 Kh7 30. Nd5 Rf8 31. Kd2 c6 32. Nc3 Nf4 33. Bd4 f2 34. Rg3
Neg6 35. Ne4 Bh3 36. Nf6+ Rxf6 37. Rxh3 Rd6 38. Ke3 Nxh3 39. Bxh3 Nxh4 40. Bxa7
Rf6 41. Ke2 Ng6 42. Bf1 Ne5 43. Bxf2 Nxc4 44. b3 Nd6 45. Bd4 Rf4 46. Be3 Rf7
47. Bh3 Nb5 48. a4 Nc3+ 49. Kd3 Nd5 50. Bg2 Nxe3 51. Kxe3 Rg7 52. Be4+ Kg8 53.
Kd4 Rg4 54. Ke5 Rxe4+ 55. Kxe4 Kf7 56. b4 Ke6 57. b5 cxb5 0-1

[Event "4NCL/Div3/BRI2 vs. FCA2"]
[Site "Hinckley Island ENG"]
[Date "2009.03.21"]
[Round "7.1"]
[White "Bennett, Dominic"]
[Black "Borrowdale, Graham"]
[Result "1/2-1/2"]
[WhiteElo "2040"]
[BlackElo "2035"]
[PlyCount "105"]
[EventDate "2009.03.21"]
[SourceDate "2008.10.04"]

1. Nf3 Nf6 2. d4 e6 3. e3 b6 4. Bd3 Bb7 5. O-O Be7 6. b3 O-O 7. Bb2 d5 8. Ne5
Nbd7 9. Qf3 Ne4 10. Qh3 f5 11. f3 Ng5 12. Qg3 Nxe5 13. dxe5 Bc5 14. Kh1 Qe7 15.
Nc3 Bxe3 16. f4 d4 17. Nd1 Bxf4 18. Qxf4 c5 19. Qh4 h6 20. Bc1 Be4 21. Bxg5
hxg5 22. Qh5 Bxd3 23. cxd3 g4 24. Nb2 b5 25. a4 a6 26. h3 gxh3 27. gxh3 Qc7 28.
Rae1 f4 29. Qg4 Rf5 30. Re4 Raf8 31. Rexf4 Qxe5 32. Rxf5 exf5 33. Qf3 Qe6 34.
axb5 axb5 35. Qd1 f4 36. Rf3 Rf5 37. Kh2 Re5 38. Rf2 Re3 39. Qf1 Qxb3 40. Qg2
Rg3 41. Qa8+ Kh7 42. Qe4+ Rg6 43. h4 Qe6 44. Rxf4 Qxe4 45. Rxe4 Ra6 46. Re2 Ra2
47. Rd2 g5 48. hxg5 Kg6 49. Rg2 c4 50. dxc4 bxc4 51. Nxc4 Rxg2+ 52. Kxg2 Kxg5
53. Kf3 1/2-1/2

[Event "4NCL/Div3/BRI2 vs. FCA2"]
[Site "Hinckley Island ENG"]
[Date "2009.03.21"]
[Round "7.2"]
[White "Valentine, Brian J"]
[Black "Humphreys, Jerry"]
[Result "0-1"]
[WhiteElo "1997"]
[BlackElo "2076"]
[PlyCount "58"]
[EventDate "2009.03.21"]
[SourceDate "2008.10.04"]

1. e4 c5 2. Nf3 e6 3. d4 cxd4 4. Nxd4 Nf6 5. Nc3 d6 6. Be2 Be7 7. O-O a6 8. Be3
Qc7 9. f4 Nc6 10. Kh1 O-O 11. Qd2 Bd7 12. Rad1 b5 13. Bf3 Rac8 14. a3 Na5 15.
Qe1 Nc4 16. Bc1 Nxa3 17. e5 dxe5 18. fxe5 Ne8 19. Nd5 exd5 20. bxa3 Be6 21. Qg3
g6 22. h4 Bc5 23. c3 Ng7 24. h5 Bxd4 25. cxd4 Nf5 26. Qf4 Qe7 27. g3 Rc2 28.
Rd3 g5 29. Qg4 Ne3 0-1

[Event "4NCL/Div3/BRI2 vs. FCA2"]
[Site "Hinckley Island ENG"]
[Date "2009.03.21"]
[Round "7.3"]
[White "Bass, John W"]
[Black "Elwin, Adrian G"]
[Result "0-1"]
[WhiteElo "2101"]
[BlackElo "2009"]
[PlyCount "74"]
[EventDate "2009.03.21"]
[SourceDate "2008.10.04"]

1. d4 Nf6 2. c4 e6 3. Nc3 d5 4. Nf3 c5 5. cxd5 Nxd5 6. e3 Nc6 7. Bd3 cxd4 8.
exd4 Be7 9. O-O Ncb4 10. Be2 a6 11. Bd2 b6 12. Rc1 Bb7 13. a3 Nxc3 14. bxc3 Nc6
15. a4 Rc8 16. Bf4 Bf6 17. Bd3 Ne7 18. Qe2 a5 19. Bb5+ Bc6 20. Ne5 Bxe5 21.
Bxe5 O-O 22. Rfd1 Ng6 23. Bg3 Qg5 24. f3 h5 25. c4 h4 26. Bd6 Rfd8 27. c5 h3
28. Qd2 Qxd2 29. Rxd2 Bxb5 30. Rb1 bxc5 31. dxc5 Bxa4 32. Ra2 Bc6 33. gxh3 Bxf3
34. Rxa5 Bd5 35. Ra7 e5 36. Rd1 Be6 37. Rf1 Ra8 0-1

[Event "4NCL/Div3/BRI2 vs. FCA2"]
[Site "Hinckley Island ENG"]
[Date "2009.03.21"]
[Round "7.4"]
[White "Adebajo, Femi"]
[Black "Hardy, Roger"]
[Result "1/2-1/2"]
[WhiteElo "2019"]
[BlackElo "2024"]
[PlyCount "48"]
[EventDate "2009.03.21"]
[SourceDate "2008.10.04"]

1. e4 c6 2. d3 d5 3. Nd2 dxe4 4. dxe4 Nf6 5. Ngf3 Bg4 6. Bc4 e6 7. O-O Nbd7 8.
Qe1 Qc7 9. c3 Bxf3 10. Nxf3 Ne5 11. Nxe5 Qxe5 12. Bd3 Bc5 13. Qe2 O-O 14. Kh1
Rfd8 15. Bc2 a5 16. f4 Qh5 17. Qxh5 Nxh5 18. f5 e5 19. Bg5 f6 20. Bb3+ Kf8 21.
Bc1 Nf4 22. Bxf4 exf4 23. Rad1 Rxd1 24. Rxd1 Ke7 1/2-1/2

[Event "4NCL/Div3/BRI2 vs. FCA2"]
[Site "Hinckley Island ENG"]
[Date "2009.03.21"]
[Round "7.5"]
[White "White, Martin"]
[Black "Matthews, Adrian"]
[Result "1/2-1/2"]
[WhiteElo "1980"]
[BlackElo "1924"]
[PlyCount "47"]
[EventDate "2009.03.21"]
[SourceDate "2008.10.04"]

1. e4 c5 2. c4 Nc6 3. Ne2 g6 4. d4 cxd4 5. Nxd4 Bg7 6. Be3 Nf6 7. Nc3 d6 8. f3
O-O 9. Qd2 Nxd4 10. Bxd4 Be6 11. Rc1 Qa5 12. Be2 Nd7 13. Bxg7 Kxg7 14. Qd4+ Qe5
15. Qxe5+ dxe5 16. Nd5 Bxd5 17. cxd5 Rac8 18. Kd2 Nb6 19. b4 Rfd8 20. Ke3 f5
21. Rc5 Nd7 22. Rcc1 Nb6 23. Rc5 Nd7 24. Rcc1 1/2-1/2

[Event "4NCL/Div3/BRI2 vs. FCA2"]
[Site "Hinckley Island ENG"]
[Date "2009.03.21"]
[Round "7.6"]
[White "Shaw, John S"]
[Black "May, Michael"]
[Result "1/2-1/2"]
[WhiteElo "1895"]
[BlackElo "1920"]
[PlyCount "39"]
[EventDate "2009.03.21"]
[SourceDate "2008.10.04"]

1. d4 Nf6 2. Nf3 e6 3. e3 d5 4. Bd3 Nbd7 5. Nbd2 c5 6. b3 cxd4 7. exd4 Bd6 8.
Bb2 O-O 9. Ne5 Qc7 10. f4 a5 11. O-O b6 12. Qe2 Bb7 13. a4 Rac8 14. Rac1 Bb4
15. c4 Qd6 16. Ndf3 Ne4 17. Nxd7 Qxd7 18. Ne5 Qd6 19. Bxe4 dxe4 20. Ng4 1/2-1/2

[Event "4NCL/Div3/NOTT1 vs. MIN"]
[Site "Hinckley Island ENG"]
[Date "2009.03.21"]
[Round "7.1"]
[White "Richmond, Robert J"]
[Black "Ackley, Peter"]
[Result "1-0"]
[WhiteElo "2223"]
[BlackElo "2101"]
[PlyCount "49"]
[EventDate "2009.03.21"]
[SourceDate "2008.10.04"]

1. d4 e6 2. c4 f5 3. Nc3 Nf6 4. g3 Be7 5. Bg2 O-O 6. Nf3 d6 7. O-O a5 8. Qc2
Nc6 9. e4 e5 10. dxe5 dxe5 11. Bg5 Nd4 12. Nxd4 exd4 13. Rad1 c5 14. exf5 Ng4
15. Bxe7 Qxe7 16. Nd5 Qg5 17. h4 Bxf5 18. Qxf5 Qxf5 19. Ne7+ Kh8 20. Nxf5 Rxf5
21. Bh3 h5 22. f3 Ne3 23. Bxf5 Nxf5 24. Rfe1 Nxg3 25. Re5 1-0

[Event "4NCL/Div3/NOTT1 vs. MIN"]
[Site "Hinckley Island ENG"]
[Date "2009.03.21"]
[Round "7.2"]
[White "Hardman, Michael J"]
[Black "Walker, Tim"]
[Result "1/2-1/2"]
[WhiteElo "2087"]
[BlackElo "2125"]
[PlyCount "58"]
[EventDate "2009.03.21"]
[SourceDate "2008.10.04"]

1. e4 c5 2. Nf3 Nf6 3. d3 Nc6 4. g3 d5 5. Nbd2 g6 6. Bg2 Bg7 7. O-O O-O 8. Re1
h6 9. c3 dxe4 10. dxe4 Be6 11. Qe2 Rc8 12. Nf1 Qb6 13. h4 Ng4 14. Ne3 Rfd8 15.
Nxg4 Bxg4 16. Qc2 Na5 17. Bf4 Nc4 18. b3 Na3 19. Qc1 Qa5 20. Ne5 Be6 21. Re2
Nb5 22. Rc2 Kh7 23. a4 Nxc3 24. Rxc3 c4 25. b4 Qxb4 26. Rb1 Qxa4 27. Ra3 Rd1+
28. Qxd1 Qxa3 29. Rxb7 c3 1/2-1/2

[Event "4NCL/Div3/NOTT1 vs. MIN"]
[Site "Hinckley Island ENG"]
[Date "2009.03.21"]
[Round "7.3"]
[White "Walker, Andrew N"]
[Black "Hawkins, Nick"]
[Result "1/2-1/2"]
[WhiteElo "2070"]
[BlackElo "2031"]
[PlyCount "62"]
[EventDate "2009.03.21"]
[SourceDate "2008.10.04"]

1. e4 e5 2. Nf3 Nc6 3. Bb5 a6 4. Ba4 Nf6 5. O-O Nxe4 6. Re1 Nc5 7. Nxe5 Be7 8.
Bxc6 dxc6 9. d4 Ne6 10. Be3 O-O 11. c4 f6 12. Nf3 f5 13. Nc3 Ng5 14. d5 f4 15.
Bd4 Bg4 16. Ne4 cxd5 17. Nexg5 Bxg5 18. cxd5 Bf6 19. Qb3 Bxf3 20. d6+ Kh8 21.
Bxf6 Qxf6 22. Qxf3 cxd6 23. Qxb7 Rab8 24. Qxa6 Rxb2 25. Qd3 h6 26. a4 f3 27.
Qxf3 Qd8 28. Qe3 Rfxf2 29. Qxf2 Rxf2 30. Kxf2 Qb6+ 31. Kf1 d5 1/2-1/2

[Event "4NCL/Div3/NOTT1 vs. MIN"]
[Site "Hinckley Island ENG"]
[Date "2009.03.21"]
[Round "7.4"]
[White "Twitchell, Neville H"]
[Black "Levens, David"]
[Result "0-1"]
[WhiteElo "1976"]
[BlackElo "2009"]
[PlyCount "77"]
[EventDate "2009.03.21"]
[SourceDate "2008.10.04"]

1. e4 c5 2. a3 d6 3. b4 Nc6 4. b5 Nb8 5. d4 cxd4 6. Qxd4 e5 7. Qd1 Be6 8. c4
Nd7 9. Nc3 Rc8 10. Nd5 Bxd5 11. cxd5 Nc5 12. Bd3 Qa5+ 13. Kf1 Nf6 14. Bd2 Qd8
15. Bg5 Be7 16. Bxf6 Bxf6 17. Ne2 O-O 18. g3 g6 19. Kg2 Bg7 20. Bc2 f5 21. f3
fxe4 22. fxe4 Qg5 23. Qe1 Qe3 24. Ng1 Qh6 25. Nf3 Ne6 26. Bd1 Nc5 27. Qe2 Rf7
28. Rf1 g5 29. Bc2 Rcf8 30. h4 Qh5 31. hxg5 Qg4 32. Rf2 Rf4 33. Re1 h5 34. gxh6
Bxh6 35. Kh2 Rxf3 36. Rg2 Qh5+ 37. Kg1 Be3+ 38. Qxe3 Rxe3 39. Rxe3 0-1